000 00785nam a2200217Ia 4500
008 180321s2005 xx 000 0 und d
020 _a978-81-922746-4-5
082 _a300.072 THO
100 _aThorat, Hansraj D
245 _aGuidlines on Ph.D research in Management, Commerice and Economics: Also useful for M.Phil. research and minor and major research projects in social sciences
260 _aPune
_bS.B. Patil Institute of Management
_c2005
300 _a106
440 _v1st Edition
650 _aIntroducion - research work
650 _aLayout - Ph. D thesis
650 _aQuestionnaire preparation
650 _aSynopsis - preparation
700 _aBisoyi, Padmalochana S.
700 _aPenkar, Daniel J.
906 _aComplementary copy received on 31.10.2017
999 _c110783
_d110783